00720nam a2200193 a 4500003000400000005001700004008004100021040002500062082000600087100003500093245007600128260009200204300002500296590002800321910002800349942001400377952011800391999001700509OSt20210105093046.0190814s1994 000 spa d aDO-SdBNPbspacBNPHU bC aCruz, Juan José de la937674 0a¿Por que la vida humana es un problema? /cJuan Jose de la Cruz Benzan aSantiago, República Dominicana :c1994.bUniversidad Tècnologica de Santiago, UTESA a176 p. :bil.c21 cm aInventariado, 2021 / DG aInventariado, 2012 / DG 2ddccLBS1 00102ddc70aBNPHUbBNPHUcCTd2021-01-05eDonado por la familia Reyes Dulucl0oCr2021-01-05w2021-01-05yLBS1 c48790d48790